| 000 | 00889nam a2200253 a 4500 | ||
|---|---|---|---|
| 005 | 20240426063805.0 | ||
| 008 | 020605s1999 mx r 000 0 spa d | ||
| 020 | _a8495212285 | ||
| 035 | _aUPN01000117698 | ||
| 049 | _aCG | ||
| 050 | 4 |
_aHV2430 _bT6.2 |
|
| 100 | 1 |
_aTorres Monreal, Santiago _941084 |
|
| 245 | 1 | 0 |
_aDeficiencia auditiva : _bGuía para profesionales y padres / _cSantiago Torres Monreal, Rafaél Urquiza de la Rosa, Rafaél Santana Hernández. |
| 260 |
_aMálaga (Esp.) : _bAljibe, _c1999. |
||
| 300 |
_a195 p. : _bil. alg. col. |
||
| 440 | 0 | _vMonográficos Aljibe | |
| 650 | 4 |
_aNIÑOS SORDOS - _xEDUCACION |
|
| 650 | 4 |
_aTRASTORNOS DE LA COMUNICACION EN NIÑOS _927282 |
|
| 650 | 4 |
_aTrastornos del habla _96691 |
|
| 650 | 4 |
_aNiños _xLenguaje _95709 |
|
| 700 | 1 |
_aUrquiza de la Rosa, Rafael, _ecoaut. |
|
| 700 | 1 |
_aSantana Hernández, Rafael, _ecoaut. |
|
| 905 | _aLibro | ||
| 999 |
_c90152 _d90152 |
||